00592nam a2200193Ia 4500003000400000005001700004008004100021040000700062041000800069082001600077100004300093245002600136260004300162300000900205650002000214942001300234999001900247952013200266OSt20260328115042.0250729s1900 xx 000 0 und d cAL akan a494.50 PUSK aPusthaka Mane -Hari hara Priya9230677 aKuvempu Olavu -Niluvu aBangalorebkannada Pusthaka Pradhikara a450p aKannada9230678 2ddccBED c238901d238901 00104070aALbALd2025-07-29eManagement Booksg150.00l0o494.50 PUSKpBED04220r2025-07-29 16:57:06v150.00w2025-07-29yBK